00199nam a2200073Ia 4500082001900000245003800019100002700057008004100084 aJ 155.937 WEIT 0aTalking about when a parent dies  a WEITZMAN, Elizabeth 210825s9999 xx 000 0 und d